| 000 | 00956nam a2200241Ia 4500 | ||
|---|---|---|---|
| 999 |
_c36333 _d36333 |
||
| 001 | 2241 | ||
| 003 | GE_BSU | ||
| 005 | 20190521201353.0 | ||
| 008 | 181216s2004||||ge |||||||||||||| ||geo|| | ||
| 040 | _cGE_BSU | ||
| 041 | _ageo | ||
| 080 | _a902|904(479.223) გ–67 | ||
| 245 |
_aგონიო–აფსაროსი IV / _cსარედ. კოლ. ა. კახიძე, გ. ლორთქიფანიძე, გ. გრიგოლია. |
||
| 264 |
_aბათუმი : _bაჭარა, _c2004. |
||
| 300 |
_a158 გვ.; _b28 სმ.. |
||
| 541 | _h10 ლ. | ||
| 653 | _aისტორია | ||
| 653 | _aარქეოლოგია | ||
| 700 |
_aკახიძე, ა. _eრედაქტორი _91466 |
||
| 700 |
_aლორთქიფანიძე, გ. _eრედაქტორი _91484 |
||
| 700 |
_aნახუცრიშვილი, გ. _eფოტოგრაფი _91485 |
||
| 942 |
_cBK _2udc |
||